NFL Top 10 Rushing Touchdowns 2000s - Statistics

General Stats
  • This quiz has been taken 27 times
  • The average score is 74 of 110
Answer Stats
Year Team Player % Correct
2009: 1 Vikings Adrian Peterson
100%
2008: 8 Vikings Adrian Peterson
100%
2007: 2 Vikings Adrian Peterson
100%
2009: 3 Titans Chris Johnson
92%
2009: 5 Chargers LaDainian Tomlinson
92%
2008: 7 Chargers LaDainian Tomlinson
92%
2007: 1 Chargers LaDainian Tomlinson
92%
2006: 1 Chargers LaDainian Tomlinson
92%
2005: 3 Chargers LaDainian Tomlinson
92%
2004: 1 Chargers LaDainian Tomlinson
92%
2003: 6 Chargers LaDainian Tomlinson
92%
2002: 5 Chargers LaDainian Tomlinson
92%
2001: 4 Chargers LaDainian Tomlinson
92%
2006: 2 Chiefs Larry Johnson
92%
2005: 2 Chiefs Larry Johnson
92%
2006: 8 Bengals Rudi Johnson
92%
2005: 5 Bengals Rudi Johnson
92%
2004: 10 Bengals Rudi Johnson
92%
2005: 4 Colts Edgerrin James
88%
2003: 7 Colts Edgerrin James
88%
2000: 5 Colts Edgerrin James
88%
2001: 3 Patriots Antowain Smith
83%
2000: 10 Cowboys Emmitt Smith
83%
2009: 9 49ers Frank Gore
83%
2000: 4 Dolphins Lamar Smith
83%
2003: 9 Rams Marshall Faulk
83%
2001: 2 Rams Marshall Faulk
83%
2000: 1 Rams Marshall Faulk
83%
2005: 1 Seahawks Shaun Alexander
83%
2004: 2 Seahawks Shaun Alexander
83%
2003: 3 Seahawks Shaun Alexander
83%
2002: 2 Seahawks Shaun Alexander
83%
2001: 1 Seahawks Shaun Alexander
83%
2004: 8 Jets Curtis Martin
79%
2001: 5 Jets Curtis Martin
79%
2000: 10 Jets Curtis Martin
79%
2008: 1 Panthers DeAngelo Williams
79%
2004: 7 Texans Domanick Williams
79%
2005: 10 Steelers Jerome Bettis
79%
2004: 5 Steelers Jerome Bettis
79%
2007: 10 Lions Kevin Jones
79%
2002: 10 Vikings Moe Williams
79%
2009: 8 Dolphins Ricky Williams
79%
2003: 10 Dolphins Ricky Williams
79%
2002: 3 Dolphins Ricky Williams
79%
2009: 4 Jets Thomas Jones
79%
2008: 5 Jets Thomas Jones
79%
2005: 10 Bears Thomas Jones
79%
2002: 8 Titans Eddie George
75%
2000: 3 Titans Eddie George
75%
2007: 6 Cowboys Marion Barber
75%
2006: 3 Cowboys Marion Barber
75%
2009: 2 Jaguars Maurice Jones-Drew
75%
2008: 6 Jaguars Maurice Jones-Drew
75%
2007: 8 Jaguars Maurice Jones-Drew
75%
2006: 7 Jaguars Maurice Jones-Drew
75%
2005: 10 Giants Tiki Barber
75%
2004: 4 Giants Tiki Barber
75%
2002: 9 Giants Tiki Barber
75%
2006: 6 Patriots Corey Dillon
71%
2005: 7 Patriots Corey Dillon
71%
2004: 9 Patriots Corey Dillon
71%
2001: 6 Bengals Corey Dillon
71%
2007: 7 Browns Jamal Lewis
71%
2006: 10 Ravens Jamal Lewis
71%
2003: 4 Ravens Jamal Lewis
71%
2005: 8 Panthers Stephen Davis
71%
2000: 7 Redskins Stephen Davis
71%
2003: 2 Packers Ahman Green
67%
2001: 8 Packers Ahman Green
67%
2000: 9 Packers Ahman Green
67%
2000: 6 Jaguars Fred Taylor
67%
2004: 3 Chiefs Priest Holmes
67%
2003: 1 Chiefs Priest Holmes
67%
2002: 1 Chiefs Priest Holmes
67%
2005: 6 Broncos Mike Anderson
63%
2000: 2 Broncos Mike Anderson
63%
2007: 4 Redskins Clinton Portis
58%
2005: 9 Redskins Clinton Portis
58%
2003: 5 Broncos Clinton Portis
58%
2002: 4 Broncos Clinton Portis
58%
2006: 4 Cardinals Steven Jackson
58%
2008: 3 Giants Brandon Jacobs
54%
2006: 10 Giants Brandon Jacobs
54%
2000: 8 Lions James Stewart
54%
2009: 10 Panthers Jonathan Stewart
54%
2008: 10 Panthers Jonathan Stewart
54%
2009: 10 Falcons Michael Turner
54%
2008: 2 Falcons Michael Turner
54%
2008: 10 Dolphins Ronnie Brown
54%
2006: 5 Steelers Willie Parker
50%
2002: 6 Bills Travis Henry
46%
2006: 9 Saints Deuce McAllister
42%
2002: 7 Saints Deuce McAllister
42%
2001: 7 Buccaneers Mike Alstott
42%
2009: 10 Colts Joseph Addai
38%
2007: 3 Colts Joseph Addai
38%
2008: 4 Titans LenDale White
33%
2009: 6 Ravens Willis McGahee
29%
2004: 6 Bills Willis McGahee
29%
2003: 8 Falcons T.J. Duckett
25%
2008: 10 Cardinals Tim Hightower
21%
2008: 9 Ravens Le'Ron McClain
17%
2009: 7 Packers Ryan Grant
17%
2007: 9 Packers Ryan Grant
17%
2007: 5 Buccaneers Earnest Graham
13%
2005: 10 Raiders LaMont Jordan
13%
2000: 10 Raiders Tyrone Wheatley
13%
2001: 9 Colts Dominic Rhodes
8%
2001: 10 Jaguars Stacey Mack
4%
No matching quizzes found
Score Distribution
Percent of People with Each Score
Percentile by Number Answered
Your Score History
You have not taken this quiz